Informační systémy v podnicích teorie a praxe projektování
Guardado en:
| Autor principal: | |
|---|---|
| Formato: | Libro |
| Lenguaje: | checo |
| Publicado: |
Praha
Grada Publishing
2009
|
| Colección: | Průvodce
|
| Materias: | |
| Etiquetas: |
Sin Etiquetas, Sea el primero en etiquetar este registro!
|
MARC
| LEADER | 00000nam$a2200000$$$4500 | ||
|---|---|---|---|
| 001 | 0104961 | ||
| 005 | 20240313085854.5 | ||
| 020 | |a 978-80-247-3046-2 | ||
| 041 | 0 | |a cze | |
| 044 | |a CZ | ||
| 245 | 1 | 0 | |a Informační systémy v podnicích |b teorie a praxe projektování |c Dominik Vymětal |
| 264 | 1 | |a Praha |b Grada Publishing |c 2009 | |
| 300 | |a 142 s. | ||
| 490 | 1 | |a Průvodce | |
| 830 | 0 | |a Průvodce | |
| 610 | 2 | 0 | |a podnik |
| 610 | 2 | 0 | |a systémy informačné podnikové |
| 610 | 2 | 0 | |a teória a prax |
| 610 | 2 | 0 | |a projektovanie |
| 610 | 2 | 0 | |a riadenie podnikové |
| 610 | 2 | 0 | |a technológie informačné |
| 100 | 1 | |a Vymětal, Dominik | |